Statistiques concernant 15 principaux pays touchés par Covid-19 - 13 juin

Cliquez ici pour prendre le quiz!

Statistiques générales

  • Ce quiz a été pris 17 fois
  • Le résultat moyen est 12 sur 26

Statistiques - réponses

pays% Correct
France
94%
Allemagne
88%
Espagne
88%
Etats-Unis
88%
Inde
82%
Italie
76%
Royaume-Uni
76%
Brésil
71%
Russie
71%
Belgique
65%
Mexique
65%
Suède
41%
Turquie
29%
Chili
24%
Chili
24%
Iran
24%
Irlande
24%
Pakistan
24%
Pérou
24%
Biélorussie
18%
Qatar
18%
Bahreïn
12%
Koweït
12%
Singapour
12%
Arménie
6%
Panama
6%

Distribution des résultats

Percentile par nombre de réponses

% des personnes avec chaque résultat

Votre développement - résultats

Vous n’avez pas pris ce quiz